Alternativas virtuales /

Guardado en:
書目詳細資料
主要作者: Araya, María del Carmen
格式: Texto
標簽: 添加標簽
沒有標簽, 成為第一個標記此記錄!

MARC

LEADER 00000 a a2200000 04500
001 4305
003
040
100 |a Araya, María del Carmen  
245 |a Alternativas virtuales /  |c María del Carmen Araya 
773 |g número 11; páginas 135-143  
999 |c 22806  |d 22806